00584nam a22001817a 450000500170000001000150001702000270003203500140005903700090007308200190008210000190010124500960012025000060021626000530022227000750027530000260035070000260037620241203155334.0 aENG-142798 a9789355328892c1025.00 aEN-126330 bDBAD a358.403801129 aBaltzan, Paige aBusiness Driven Information Systems: bAn MIS Approach/cby Paige Baltzan [and] Ramesh Behl a9 aChennaibMcGraw Hill Education Private Ltdc2024 aAnjana Complex No. 5/90 A, Butt Road, St Thomas MountbChennaie600016 avpp.c28cm(pb)bIndex aBehl, Ramesh eAuthor